000 00191 a2200097 4500
020 _a9780836866797
041 _aspa
100 _aBurstein, John
245 _aUsar computadoras
942 _cBK
999 _c12235
_d12235